Intoduction to statistics / (Record no. 354714)
[ view plain ]
| 000 -LEADER | |
|---|---|
| fixed length control field | 00325nam a2200109Ia 4500 |
| 008 - FIXED-LENGTH DATA ELEMENTS--GENERAL INFORMATION | |
| fixed length control field | 180205s9999 xx 000 0 und d |
| 020 ## - INTERNATIONAL STANDARD BOOK NUMBER | |
| International Standard Book Number | 9710617680 |
| 100 ## - MAIN ENTRY--PERSONAL NAME | |
| Personal name | Febre Jr, Francisco A. |
| 245 ## - TITLE STATEMENT | |
| Statement of responsibility, etc | Cawagas, Virginia F. |
| Title | Intoduction to statistics / |
| 260 ## - PUBLICATION, DISTRIBUTION, ETC. (IMPRINT) | |
| Place of publication, distribution, etc | Quezon City |
| Name of publisher, distributor, etc | National bookstore |
| Date of publication, distribution, etc | 1987 |
| 300 ## - PHYSICAL DESCRIPTION | |
| Extent | v, 209 pages |
| Withdrawn status | Lost status | Damaged status | Home library | Current library | Shelving location | Date acquired | Source of acquisition | Total Checkouts | Total Renewals | Full call number | Barcode | Date last seen | Date checked out | Price effective from | Koha item type |
|---|---|---|---|---|---|---|---|---|---|---|---|---|---|---|---|
| College Library | College Library | Filipiniana Section | 02/05/2018 | Library Fund | 1 | 2 | QA 276 .F289 1987 | C0832 | 03/09/2020 | 12/13/2019 | 02/05/2018 | Books |